NBA Eastern Conference Finals MVPs - Statistics

General Stats
  • This quiz has been taken 210 times
    22 since last reset
  • The average score is 5 of 5
Answer Stats
Year Team Answer % Correct
2022 Celtics Jayson Tatum
100%
2024 Celtics Jaylen Brown
95%
2026 Knicks Jalen Brunson
90%
2023 Heat Jimmy Butler
86%
2025 Pacers Pascal Siakam
81%
No matching quizzes found
Score Distribution
Percent of People with Each Score
Percentile by Number Answered
Your Score History
You have not taken this quiz since the last reset